000 007170000a22002050004500
003 LK-CoMWRAF
008 230817t1986 ||||| |||| 00| 0 eng d
020 _a9555920001
040 _aLK-CoMWRAF
_dLK-CoMWRAF
_eLK-CoMWRAF
041 _aeng
082 _a342
_bROL
111 _aASIAN REGIONAL SEMINAR ON 'THE ROLE OF THE LAW ENFORCEMNT OFFICER IN THE PROTECTION OF HUMAN RIGHTS'
_c(Colombo,
_d13-21 February, 1984)
245 _aThe Role of the Law Enforcement Officer in the Protection of Human Rights
260 _aColombo:
_bSri Lanka Foundation,
_c1986
300 _a223 p. ; 23 cm.
490 _aSLF monograph series ;
_v6.
650 _aCIVIL Rights-Congresses
650 _aCriminal procedure
942 _cBK
999 _c1236
_d1236